Concrete - Poppy - Statistics

General Stats
  • This quiz has been taken 11 times
  • The average score is 187 of 256
Answer Stats
% Correct
a
100%
concrete,
100%
I
100%
and
83%
Bury
83%
bury
83%
but
83%
cover
83%
deep,
83%
deep
83%
ever,
83%
feet
83%
for
83%
forever
83%
in
83%
into
83%
me
83%
please
83%
six
83%
street
83%
street,
83%
turn
83%
Turn
83%
wanna
83%
blood
67%
candy,
67%
coffee
67%
cream,
67%
don't
67%
drink
67%
eat
67%
ice
67%
like
67%
my
67%
need
67%
of
67%
Sugar
67%
sugar
67%
taste
67%
tea,
67%
teeth,
67%
teeth
67%
that
67%
the
67%
to
67%
wait
67%
young
67%
Break
50%
Chewy,
50%
chewy,
50%
demons
50%
dreams,
50%
eternity
50%
flavors
50%
just
50%
lifeless
50%
off
50%
people
50%
piece
50%
pointy,
50%
Poppy,
50%
Poppy
50%
(Poppy,
50%
Poppy)
50%
satisfy
50%
Sharp
50%
sleep
50%
Some
50%
some
50%
tasty
50%
these
50%
treat
50%
treat,
50%
tried
50%
watch
50%
while
50%
yummy,
50%
yummy
50%
(Oh)
33%
No matching quizzes found
Score Distribution
Percent of People with Each Score
Percentile by Number Answered
Your Score History
You have not taken this quiz